Top Five Busiest Airports by Country - Statistics

General Stats
  • This quiz has been taken 6,564 times
    6,536 since last reset
  • The average score is 34 of 42
Answer Stats
Country City % Correct
United Kingdom (1, 2, 4) London
98%
France (1, 2) Paris
97%
Japan (1, 2) Tokyo
97%
China (1) Beijing
96%
United States (2) Los Angeles
96%
Italy (1) Rome
96%
Germany (4) Berlin
95%
Turkey (1) Istanbul
95%
Turkey (3) Istanbul
95%
India (1) Delhi
94%
Germany (1) Frankfurt
94%
Brazil (3) Rio de Janeiro
94%
United States (1) Atlanta
93%
Italy (2, 3, 4) Milan
93%
India (2) Mumbai
93%
China (4,5) Shanghai
93%
United Kingdom (3) Manchester
92%
Germany (2) Munich
92%
Brazil (1, 2) São Paulo
91%
United States (3) Chicago
90%
Turkey (4) Ankara
86%
Japan (5) Osaka
86%
United States (4) Dallas/Fort Worth
85%
Brazil (4) Brasília
83%
France (4) Lyon
82%
Germany (5) Hamburg
81%
France (5) Marseille
81%
Italy (5) Venice
80%
China (2) Hong Kong
79%
France (3) Nice
78%
China (3) Guangzhou
76%
United Kingdom (5) Edinburgh
75%
Germany (3) Düsseldorf
71%
India (5) Kolkata
69%
United States (5) Denver
66%
India (3) Chennai
60%
Turkey (5) İzmir
56%
Japan (4) Sapporo
55%
Turkey (2) Antalya
52%
India (4) Bangalore
52%
Brazil (5) Belo Horizonte
44%
Japan (3) Fukuoka
34%
No matching quizzes found
Score Distribution
Percent of People with Each Score
Percentile by Number Answered
Your Score History
You have not taken this quiz since the last reset